| 000 | 01075nam a2200253Ia 4500 | ||
|---|---|---|---|
| 999 |
_c56294 _d56294 |
||
| 001 | 23407 | ||
| 003 | GE_BSU | ||
| 005 | 20251212175944.0 | ||
| 008 | 181216s1999||||ge |||||||||||||| ||geo|| | ||
| 020 | _a99928-44-02-5 | ||
| 040 | _cGE_BSU | ||
| 041 | _ageo | ||
| 080 | _a902.2(479.223) კ-71 | ||
| 100 |
_aკომახიძე, თეიმურაზ _93432 |
||
| 245 |
_aაჭარა წარსულის გადასახედიდან / _cთეიმურაზ კომახიძე ; რედ.: ჯემალ ხოფერია |
||
| 264 |
_aბათუმი : _bგამ-ბა აჭარა, _c1999. |
||
| 300 |
_a608 გვ. : _bილ. ; _c24 სმ. |
||
| 541 | _h30ლ. | ||
| 653 | _aარქეოლოგია | ||
| 653 | _aარქეოლოგიური გათხრები აჭარაში | ||
| 653 | _aაჭარა წარსულის გადასახედიდან | ||
| 700 |
_a ხოფერია, ჯემალ _eრედაქტორი _926488 |
||
| 942 |
_cBK _2udc |
||